Môj anjel strážny

Bibliographic Details
Main Author: Chovancová, Mária, 1938-2009 (Author)
Other Authors: Nocarová, Eva (Illustrator)
Format: Book
Language:Slovak
PhysicalDescription:[33] s. fareb. ilustr. 14 cm
Published: Bratislava Lúč 2003
ISBN:807114438X
Edition:1. vyd.
Series:Deťom
Subjects:

MARC

LEADER 00000cam a2200000 a 4500
001 vtls001482985
003 SK-MaSNL
005 20260301225358.0
008 240318s2003 xo a j 000 p slo
015 |a SNBA2005/03-00834 
020 |a 807114438X  |q (viaz.) 
035 |a SNK000438281 
035 |a urn:nbn:sk:snk-am3hfur 
035 |a 257A9876-FAE7-4448-89EB-856522127B57 
035 |a urn:nbn:sk:snk-am00cyuv 
040 |a SNK  |b slo  |c SNK  |e AACR2 
041 0 |a slo 
044 |a xo  |c SK 
072 7 |a 821.162.4-1  |x Slovenská poézia  |2 konspekt 
072 7 |a 821-93  |x Literatúra pre deti a mládež  |2 konspekt 
080 |a 821-93  |2 2001 
080 |a 821.162.4-1  |2 2001 
100 1 |a Chovancová, Mária,  |d 1938-2009  |4 aut  |9 216370 
245 1 0 |a Môj anjel strážny  |c Mária Chovancová ; ilustrovala: Eva Nocarová 
250 |a 1. vyd. 
260 |a Bratislava  |b Lúč  |c 2003 
300 |a [33] s.  |b fareb. ilustr.  |c 14 cm 
490 1 |a Deťom 
500 |a Fareb. ilustr. na tit. strane, front. a predsádkach 
650 0 7 |a anjeli strážni  |2 SNKPH  |9 69787 
655 7 |a slovenská poézia  |2 SNKPH  |9 70444 
655 7 |a publikácie pre deti  |2 SNKPH  |9 70148 
700 1 |a Nocarová, Eva  |4 ill  |9 46012 
830 0 |a Deťom  |9 312506 
919 |a 80-7114-438-X 
958 |a DB 
958 |a LX 
999 |c 950676  |d 952606 
952 |t P60, <03>, [BOOK], {603}, -K-  |a SNK  |b SNK  |y PREZ  |7 0  |p 17A0444929  |o snkSE 10763  |i snkKSP 13075/2004  |0 0  |1 0  |4 0  |d 2004-10-06  |f 1  |l 0  |r 2005-01-02 00:00:00  |w 2026-02-24 
952 |t P60, <04>, [BOOK], {604}  |a SNK  |b SNK  |y VYP  |7 0  |p 17A0444928  |o snkSE 10763 D1  |i snkKSP 13076/2004  |0 0  |1 0  |4 0  |d 2004-10-06  |l 0  |r 2005-01-02 00:00:00  |w 2026-02-24